[Event "Summer op"]
[Site "Winnipeg CAN"]
[Date "1998.07.24"]
[Round "1"]
[White "Charter, Bennet"]
[Black "Lipnowski, Samuel"]
[Result "0-1"]
[WhiteElo "1419"]
[BlackElo "1905"]
[PlyCount "64"]
[GameId "2160767911872706"]
[EventDate "1998.07.24"]
[EventType "swiss"]
[EventRounds "5"]
[EventCountry "CAN"]

1. e4 c5 2. Nf3 d6 3. d4 cxd4 4. Nxd4 Nf6 5. Nc3 a6 6. Be3 e6 7. Be2 Qc7 8. Qd2 b5 9. a3 Bb7 10. f3 Be7 11. O-O-O O-O 12. g4 Nc6 13. h4 Ne5 14. h5 Nfd7 15. f4 Nc6 16. g5 Nxd4 17. Bxd4 Rad8 18. f5 exf5 19. Qe3 fxe4 20. Rhg1 d5 21. Bg4 Bc5 22. Bxc5 Qxc5 23. Qxc5 Nxc5 24. b4 Ne6 25. g6 hxg6 26. hxg6 f5 27. Be2 d4 28. Nb1 Nf4 29. Rde1 Nxe2+ 30. Rxe2 f4 31. Rh1 e3 32. Rh7 Be4 0-1

[Event "Summer op"]
[Site "Winnipeg CAN"]
[Date "1998.07.24"]
[Round "1"]
[White "Gentes, Kevin"]
[Black "Gannon, Keith"]
[Result "1-0"]
[WhiteElo "2390"]
[BlackElo "1674"]
[PlyCount "83"]
[GameId "2160767911872707"]
[EventDate "1998.07.24"]
[EventType "swiss"]
[EventRounds "5"]
[EventCountry "CAN"]

1. d4 d5 2. c4 e6 3. g3 dxc4 4. Bg2 Bb4+ 5. Nc3 c6 6. Nf3 Nd7 7. O-O Ngf6 8. Qc2 Bxc3 9. bxc3 O-O 10. e4 Nb6 11. a4 a5 12. Ba3 Re8 13. Rab1 Bd7 14. Bc5 Ra6 15. h4 h6 16. Ne5 Qc7 17. f4 Rb8 18. g4 Be8 19. Rxb6 Rxb6 20. Nxc4 Ra6 21. Bd6 Qd8 22. g5 Ng4 23. Qe2 Rc8 24. Qxg4 b5 25. gxh6 Qf6 26. Be5 Qxh6 27. Nd6 Rd8 28. Nb7 Rc8 29. f5 exf5 30. Qxf5 Qe6 31. Qf3 Ra7 32. Bh3 Qg6+ 33. Kh1 Rca8 34. Rg1 Qxg1+ 35. Kxg1 Rxb7 36. Qg3 g6 37. Qg5 f5 38. Bxf5 bxa4 39. Be6+ Kh7 40. Qf6 Rb1+ 41. Kh2 Rb2+ 42. Kg3 1-0

[Event "Summer op"]
[Site "Winnipeg CAN"]
[Date "1998.07.24"]
[Round "1"]
[White "Gibbons, Michael"]
[Black "Piche, Jeremie"]
[Result "1-0"]
[WhiteElo "2000"]
[BlackElo "1660"]
[PlyCount "45"]
[GameId "2160767911872708"]
[EventDate "1998.07.24"]
[EventType "swiss"]
[EventRounds "5"]
[EventCountry "CAN"]

1. e4 c5 2. Nf3 Nc6 3. d3 g6 4. g3 Bg7 5. Bg2 d6 6. h3 e6 7. O-O Nge7 8. Re1 O-O 9. Nbd2 b5 10. Nf1 Nd4 11. h4 Nec6 12. N1h2 d5 13. e5 Qc7 14. Bf4 Bb7 15. Ng4 Nxf3+ 16. Bxf3 Rfe8 17. h5 Nb8 18. Qd2 Nd7 19. c4 bxc4 20. dxc4 d4 21. Nf6+ Bxf6 22. exf6 e5 23. Bxe5 1-0

[Event "Summer op"]
[Site "Winnipeg CAN"]
[Date "1998.07.24"]
[Round "1"]
[White "Lukic, Luka"]
[Black "Trueman, Francis"]
[Result "1-0"]
[WhiteElo "1944"]
[BlackElo "1468"]
[PlyCount "57"]
[GameId "2160767911872709"]
[EventDate "1998.07.24"]
[EventType "swiss"]
[EventRounds "5"]
[EventCountry "CAN"]

1. d4 Nf6 2. c4 e6 3. Nc3 c5 4. e3 Nc6 5. Nf3 b6 6. Be2 Bb7 7. O-O Qc7 8. Nb5 Qb8 9. b3 a6 10. Nc3 Bd6 11. h3 e5 12. d5 Ne7 13. Qc2 Ng6 14. Bd3 Be7 15. Bb2 d6 16. Rae1 Bc8 17. Nd2 Bd7 18. f4 Qc7 19. Nf3 O-O-O 20. Ne2 Ng8 21. fxe5 Nh4 22. e6 Nxf3+ 23. Rxf3 fxe6 24. Bxg7 Bh4 25. Ref1 e5 26. Bxh8 Nh6 27. Bf6 Bxf6 28. Rxf6 Bxh3 29. Rxh6 1-0

[Event "Summer op"]
[Site "Winnipeg CAN"]
[Date "1998.07.24"]
[Round "1"]
[White "Milord, Frank"]
[Black "Kaptsan, Aron"]
[Result "0-1"]
[WhiteElo "1670"]
[BlackElo "2210"]
[PlyCount "36"]
[GameId "2160767911872710"]
[EventDate "1998.07.24"]
[EventType "swiss"]
[EventRounds "5"]
[EventCountry "CAN"]

1. e4 e5 2. Nf3 Nc6 3. Bc4 Nf6 4. d4 exd4 5. O-O Be7 6. e5 Ne4 7. Bd5 Nc5 8. Re1 Ne6 9. c3 dxc3 10. Nxc3 O-O 11. a3 d6 12. Bxc6 bxc6 13. Be3 d5 14. Qb3 Bd7 15. Na4 c5 16. Nxc5 Nxc5 17. Bxc5 Bxc5 18. Qxd5 Bb6 0-1

[Event "Summer op"]
[Site "Winnipeg CAN"]
[Date "1998.07.24"]
[Round "1"]
[White "Piche, Travis"]
[Black "Hassain, Mahmud"]
[Result "0-1"]
[WhiteElo "1573"]
[BlackElo "2003"]
[PlyCount "76"]
[GameId "2160767911872711"]
[EventDate "1998.07.24"]
[EventType "swiss"]
[EventRounds "5"]
[EventCountry "CAN"]

1. e4 g6 2. d4 d6 3. Nc3 Bg7 4. f4 c5 5. dxc5 Qa5 6. cxd6 Nc6 7. Bd2 exd6 8. Nd5 Qd8 9. Bc3 Nf6 10. Bd3 O-O 11. Qf3 Be6 12. Ne2 Bxd5 13. exd5 Ne7 14. Be4 Qb6 15. O-O-O Rac8 16. Kb1 Rxc3 17. Nxc3 Nxe4 18. Qxe4 Bxc3 19. b3 Nf5 20. Qc4 Bg7 21. Rd3 Re8 22. Rd2 Qa5 23. Qa4 Qxa4 24. bxa4 Re4 25. g3 Rb4+ 26. Kc1 Bb2+ 27. Kd1 Bc3 28. Rd3 Rb1+ 29. Ke2 Rxh1 30. Rxc3 Rxh2+ 31. Kd3 Rh3 32. Rc7 Rxg3+ 33. Kc4 Ra3 34. Kb5 a6+ 35. Kb6 Rxa4 36. Rxb7 Rxa2 37. Rc7 a5 38. Kb5 Rxc2 0-1

[Event "Summer op"]
[Site "Winnipeg CAN"]
[Date "1998.07.24"]
[Round "1"]
[White "Remillard, John"]
[Black "Khedkar, Jay"]
[Result "0-1"]
[WhiteElo "1608"]
[BlackElo "2021"]
[PlyCount "78"]
[GameId "2160767911872712"]
[EventDate "1998.07.24"]
[EventType "swiss"]
[EventRounds "5"]
[EventCountry "CAN"]

1. c4 Nf6 2. Nc3 g6 3. d4 Bg7 4. Nf3 d6 5. e4 O-O 6. Be2 e5 7. dxe5 dxe5 8. Qxd8 Rxd8 9. Nxe5 Nxe4 10. Nxf7 Bxc3+ 11. bxc3 Kxf7 12. Bf3 Re8 13. O-O Nc6 14. Re1 Nf6 15. Rxe8 Kxe8 16. Bg5 Kf7 17. Rb1 Nd8 18. Rb5 c6 19. Re5 Ne6 20. Bh6 Bd7 21. Re1 Re8 22. Bc1 Nd4 23. Rxe8 Nxf3+ 24. gxf3 Nxe8 25. Be3 Nd6 26. Bxa7 Nxc4 27. Kg2 Be6 28. Kg3 Kf6 29. Kf4 g5+ 30. Ke4 Bd5+ 31. Kd4 Nd2 32. Kc5 b5 33. Kb4 Bxa2 34. Bd4+ Kf5 35. Kc5 Nb3+ 36. Kxc6 Nxd4+ 37. cxd4 b4 38. d5 Bxd5+ 39. Kxd5 b3 0-1

[Event "Summer op"]
[Site "Winnipeg CAN"]
[Date "1998.07.25"]
[Round "2"]
[White "Hassain, Mahmud"]
[Black "Gentes, Kevin"]
[Result "0-1"]
[WhiteElo "2003"]
[BlackElo "2390"]
[PlyCount "64"]
[GameId "2160767911872715"]
[EventDate "1998.07.24"]
[EventType "swiss"]
[EventRounds "5"]
[EventCountry "CAN"]

1. e4 c5 2. Nc3 e6 3. Bc4 a6 4. a4 Nc6 5. f4 Nge7 6. Ba2 d5 7. e5 Nf5 8. Nf3 c4 9. d4 Bb4 10. O-O Bxc3 11. bxc3 h5 12. Qe1 Qa5 13. Bb1 Bd7 14. Bd2 O-O-O 15. Qc1 f6 16. Re1 h4 17. Qb2 Rh6 18. Be3 Nce7 19. Qb4 Qc7 20. Bd2 Rdh8 21. Qc5 Rg6 22. Kf2 Rg4 23. Re2 h3 24. g3 Qxc5 25. dxc5 Nxg3 26. hxg3 h2 27. Ba2 h1=Q 28. Rxh1 Rxh1 29. Be1 Nf5 30. Kg2 Rxe1 31. Rxe1 Rxg3+ 32. Kf2 Rg4 0-1

[Event "Summer op"]
[Site "Winnipeg CAN"]
[Date "1998.07.25"]
[Round "2"]
[White "Kaptsan, Aron"]
[Black "Andersen, Sune"]
[Result "1-0"]
[WhiteElo "2212"]
[BlackElo "2006"]
[PlyCount "53"]
[GameId "2160767911872716"]
[EventDate "1998.07.24"]
[EventType "swiss"]
[EventRounds "5"]
[EventCountry "CAN"]

1. d4 d5 2. c4 c6 3. Nf3 Nf6 4. e3 e6 5. Nc3 Be7 6. Bd3 dxc4 7. Bxc4 b5 8. Bd3 Bb7 9. O-O O-O 10. e4 b4 11. Na4 Nbd7 12. Qc2 h6 13. e5 Nd5 14. Qe2 Re8 15. Qe4 f5 16. exf6 Bxf6 17. Qh7+ Kf8 18. Bg6 Qa5 19. Bxe8 Rxe8 20. Qc2 e5 21. Be3 Ba6 22. Rfe1 Bb5 23. Nc5 Nxc5 24. Qxc5+ Be7 25. Qc2 Nxe3 26. Rxe3 Qb6 27. Rae1 1-0

[Event "Summer op"]
[Site "Winnipeg CAN"]
[Date "1998.07.25"]
[Round "2"]
[White "Lipnowski, Samuel"]
[Black "Gibbons, Michael"]
[Result "1-0"]
[WhiteElo "1909"]
[BlackElo "2054"]
[PlyCount "47"]
[GameId "2160767911872717"]
[EventDate "1998.07.24"]
[EventType "swiss"]
[EventRounds "5"]
[EventCountry "CAN"]

1. e4 d6 2. d4 Nf6 3. Nc3 g6 4. Be3 c6 5. Qd2 b5 6. Bd3 Nbd7 7. Nf3 Rb8 8. h3 Nb6 9. O-O Nc4 10. Bxc4 bxc4 11. Rab1 d5 12. e5 Nd7 13. Bh6 Nb6 14. Bxf8 Kxf8 15. Qh6+ Kg8 16. Qf4 Qf8 17. Rfe1 h5 18. Ng5 Na8 19. e6 Bxe6 20. Nxe6 fxe6 21. Qe5 Rh7 22. Qxe6+ Qf7 23. Qxc6 Rf8 24. Qxd5 1-0

[Event "Summer op"]
[Site "Winnipeg CAN"]
[Date "1998.07.25"]
[Round "2"]
[White "Ott, Richard"]
[Black "Thomlison, Gary"]
[Result "0-1"]
[WhiteElo "1555"]
[BlackElo "1768"]
[PlyCount "64"]
[GameId "2160767911872718"]
[EventDate "1998.07.24"]
[EventType "swiss"]
[EventRounds "5"]
[EventCountry "CAN"]

1. d4 Nf6 2. c4 g6 3. Nc3 Bg7 4. e4 d6 5. f3 O-O 6. Be3 Nbd7 7. Qd2 e5 8. Nge2 a5 9. d5 Ne8 10. O-O-O c6 11. Bh6 Qc7 12. Bxg7 Kxg7 13. Ng3 Ndf6 14. h4 h6 15. h5 g5 16. Nf5+ Bxf5 17. exf5 Rb8 18. Ne4 Nxe4 19. fxe4 cxd5 20. Rh3 Nf6 21. exd5 b5 22. c5 Ne4 23. Qc2 Qxc5 24. Qxc5 Nxc5 25. Ra3 a4 26. Rc3 Kf6 27. g4 Rfc8 28. Bg2 b4 29. Rc4 Nd3+ 30. Rxd3 Rxc4+ 31. Kd2 Rbc8 32. Ke3 Rxg4 0-1

[Event "Summer op"]
[Site "Winnipeg CAN"]
[Date "1998.07.25"]
[Round "3"]
[White "Milord, Frank"]
[Black "Charter, Bennet"]
[Result "1-0"]
[WhiteElo "1670"]
[BlackElo "1419"]
[PlyCount "67"]
[GameId "2160767911872719"]
[EventDate "1998.07.24"]
[EventType "swiss"]
[EventRounds "5"]
[EventCountry "CAN"]

1. d4 d5 2. c4 c6 3. Nf3 Nf6 4. Nc3 Bg4 5. Ne5 Bh5 6. Qb3 Qc7 7. Bf4 Qb6 8. Qxb6 axb6 9. cxd5 cxd5 10. e3 Nc6 11. Bb5 Rc8 12. Na4 e6 13. a3 Bd6 14. Nxb6 Rc7 15. Rc1 O-O 16. Ng6 Rd8 17. Bxd6 Rxd6 18. Nf4 g6 19. f3 g5 20. Nxh5 Nxh5 21. Kf2 f5 22. Rhe1 Rg7 23. Bxc6 bxc6 24. Na4 Nf6 25. Re2 g4 26. Rec2 Rc7 27. Nc3 Rdd7 28. Ne2 Rd6 29. Nf4 Nd7 30. Nd3 Kf7 31. Ne5+ Ke7 32. Nxc6+ Ke8 33. b4 h5 34. a4 1-0

[Event "Summer op"]
[Site "Winnipeg CAN"]
[Date "1998.07.26"]
[Round "3"]
[White "Andersen, Sune"]
[Black "Khedkar, Jay"]
[Result "1/2-1/2"]
[WhiteElo "2006"]
[BlackElo "2021"]
[PlyCount "76"]
[GameId "2160767911872720"]
[EventDate "1998.07.24"]
[EventType "swiss"]
[EventRounds "5"]
[EventCountry "CAN"]

1. e4 c5 2. c3 d5 3. exd5 Qxd5 4. d4 e6 5. Nf3 Nc6 6. Be3 Nf6 7. c4 Qd8 8. Be2 cxd4 9. Nxd4 Bb4+ 10. Nc3 O-O 11. O-O Qc7 12. Ncb5 Qb8 13. a3 Be7 14. Bf3 Ne5 15. Be2 a6 16. Nc3 Rd8 17. Qc1 Neg4 18. Nf3 Bd6 19. g3 Nxe3 20. Qxe3 b6 21. Rfd1 Bb7 22. Qxb6 Bxf3 23. Qxb8 Raxb8 24. Bxf3 Rxb2 25. Ne4 Nxe4 26. Bxe4 Kf8 27. c5 Bc7 28. Rxd8+ Bxd8 29. Rd1 Ke7 30. Rb1 Rxb1+ 31. Bxb1 Kd7 32. Bd3 Be7 33. Bxa6 Bxc5 34. a4 Kd6 35. Kf1 Kd5 36. Ke2 e5 37. Bb7+ Kd4 38. a5 Ba7 1/2-1/2

[Event "Summer op"]
[Site "Winnipeg CAN"]
[Date "1998.07.26"]
[Round "3"]
[White "Gentes, Kevin"]
[Black "Lipnowski, Samuel"]
[Result "1-0"]
[WhiteElo "2390"]
[BlackElo "1909"]
[PlyCount "55"]
[GameId "2160767911872721"]
[EventDate "1998.07.24"]
[EventType "swiss"]
[EventRounds "5"]
[EventCountry "CAN"]

1. d4 d5 2. c4 dxc4 3. Nf3 Nf6 4. e3 g6 5. Bxc4 Bg7 6. Nc3 O-O 7. O-O Nfd7 8. h3 Nb6 9. Bb3 Na6 10. a4 c6 11. a5 Nd5 12. e4 Nxc3 13. bxc3 Nc7 14. Bf4 c5 15. Qd2 cxd4 16. cxd4 Ne6 17. Be3 Nc7 18. Rac1 Bd7 19. Bh6 Bb5 20. Rfe1 Qd7 21. d5 Rac8 22. Bxg7 Kxg7 23. Ne5 Qd6 24. Ng4 e5 25. Qh6+ Kg8 26. f4 f6 27. fxe5 fxe5 28. Qg5 1-0

[Event "Summer op"]
[Site "Winnipeg CAN"]
[Date "1998.07.26"]
[Round "3"]
[White "Gibbons, Michael"]
[Black "Gannon, Keith"]
[Result "1-0"]
[WhiteElo "2054"]
[BlackElo "1674"]
[PlyCount "81"]
[GameId "2160767911872722"]
[EventDate "1998.07.24"]
[EventType "swiss"]
[EventRounds "5"]
[EventCountry "CAN"]

1. e4 c5 2. Nf3 d6 3. d3 Bg4 4. Be2 Nc6 5. Nbd2 Nf6 6. h3 Bxf3 7. Nxf3 Nd4 8. Nxd4 cxd4 9. Bf3 e5 10. Bd2 Be7 11. c3 dxc3 12. bxc3 O-O 13. Qb3 Qc7 14. O-O Rab8 15. Rfc1 Rfc8 16. Be3 b5 17. a4 a6 18. axb5 axb5 19. Ra7 Rb7 20. Rca1 Rcb8 21. Rxb7 Rxb7 22. Ra8+ Bf8 23. Qb4 Nd7 24. d4 Rb8 25. Rxb8 Qxb8 26. d5 Nc5 27. c4 Be7 28. cxb5 Qa8 29. Qb1 Nb7 30. Bg4 g6 31. Bd7 Qb8 32. Bc6 Bd8 33. b6 h5 34. Bxb7 Qxb7 35. Qb5 Kg7 36. Qc6 Qb8 37. b7 Bc7 38. Bb6 Bxb6 39. Qxb6 f5 40. Qc6 fxe4 41. Qc8 1-0

[Event "Summer op"]
[Site "Winnipeg CAN"]
[Date "1998.07.26"]
[Round "3"]
[White "Lukic, Luka"]
[Black "Hassain, Mahmud"]
[Result "1-0"]
[WhiteElo "1944"]
[BlackElo "2003"]
[PlyCount "115"]
[GameId "2160767911872723"]
[EventDate "1998.07.24"]
[EventType "swiss"]
[EventRounds "5"]
[EventCountry "CAN"]

1. d4 g6 2. Bf4 d6 3. e3 Bg7 4. Nf3 Nf6 5. h3 O-O 6. Bc4 c5 7. O-O b5 8. Be2 Qb6 9. c3 Bb7 10. Nbd2 Nbd7 11. Bh2 a5 12. Re1 Bc6 13. Rb1 Ne4 14. dxc5 Ndxc5 15. Nd4 Nxd2 16. Qxd2 Bd7 17. Bf3 Rad8 18. Rbd1 e5 19. Nc2 Bc8 20. Bd5 Na6 21. a3 Nc7 22. Ba2 Bb7 23. f3 d5 24. Kh1 Kh8 25. Bg1 Qf6 26. Qf2 Ne6 27. Rd2 Bh6 28. Red1 Nc7 29. Ne1 d4 30. cxd4 exd4 31. Rxd4 Ne6 32. Bxe6 Rxd4 33. Rxd4 Qxe6 34. Qd2 Bg5 35. Rd7 Qb6 36. Qd4+ Qxd4 37. Rxd4 Rd8 38. Rxd8+ Bxd8 39. e4 Bf6 40. Nd3 Kg8 41. e5 Be7 42. Bc5 Kf8 43. Kg1 Ke8 44. Bxe7 Kxe7 45. Kf2 Bd5 46. Nc5 g5 47. g3 Kd8 48. f4 gxf4 49. gxf4 b4 50. axb4 axb4 51. Ke3 Bc4 52. Kd4 Bf1 53. h4 Kc7 54. Nd3 Kd7 55. Nxb4 Ke6 56. Nc2 f6 57. Ne3 Ba6 58. f5+ 1-0

[Event "Summer op"]
[Site "Winnipeg CAN"]
[Date "1998.07.26"]
[Round "3"]
[White "Remillard, John"]
[Black "Ott, Richard"]
[Result "1/2-1/2"]
[WhiteElo "1608"]
[BlackElo "1555"]
[PlyCount "69"]
[GameId "2160767911872724"]
[EventDate "1998.07.24"]
[EventType "swiss"]
[EventRounds "5"]
[EventCountry "CAN"]

1. c4 c6 2. g3 Nf6 3. Bg2 e6 4. d4 d5 5. c5 Nbd7 6. Nf3 Be7 7. O-O O-O 8. Nc3 Re8 9. Bd2 Ne4 10. b4 Nxd2 11. Qxd2 Bf6 12. a4 e5 13. e3 e4 14. Ne1 g6 15. Nc2 Bg7 16. a5 Nf8 17. b5 Bg4 18. b6 Qf6 19. Rfb1 a6 20. Ne1 Ne6 21. h3 Bf3 22. Kh2 Bxg2 23. Kxg2 Qg5 24. Qd1 h5 25. Nc2 Nxc5 26. dxc5 Bxc3 27. Ra3 Be5 28. Nd4 Kg7 29. Qe2 Bxd4 30. exd4 f5 31. Rg1 f4 32. Kh2 f3 33. Qe3 Qxe3 34. fxe3 Rf8 35. Rf1 1/2-1/2

[Event "Summer op"]
[Site "Winnipeg CAN"]
[Date "1998.07.26"]
[Round "3"]
[White "Thomlison, Gary"]
[Black "Kaptsan, Aron"]
[Result "1-0"]
[WhiteElo "1768"]
[BlackElo "2212"]
[PlyCount "85"]
[GameId "2160767911872725"]
[EventDate "1998.07.24"]
[EventType "swiss"]
[EventRounds "5"]
[EventCountry "CAN"]

1. e4 e5 2. Nf3 Nc6 3. Bc4 Nf6 4. d3 Be7 5. c3 d6 6. O-O O-O 7. Re1 a6 8. a4 b6 9. Nbd2 Nb8 10. Nf1 Nbd7 11. Bb3 h6 12. Bc2 Re8 13. Ng3 Bf8 14. h3 g6 15. Nh2 Bb7 16. f4 exf4 17. Bxf4 Bg7 18. d4 Kh7 19. Qd3 Nf8 20. Bd2 c5 21. Re2 Rc8 22. Rf1 Qc7 23. Bb1 Re7 24. h4 Kg8 25. Bxh6 Bxh6 26. Rxf6 Bg7 27. Rf1 cxd4 28. cxd4 Qc4 29. Nf3 Qxa4 30. h5 Bc6 31. Qe3 Bb5 32. Bd3 Bxd3 33. Qxd3 Qc4 34. Qe3 Ne6 35. Rd2 Qb4 36. e5 dxe5 37. dxe5 Qg4 38. Ne4 Nc5 39. Nd6 Rf8 40. h6 Bh8 41. Rd4 Qe6 42. h7+ Kg7 43. Rh4 1-0

[Event "Summer op"]
[Site "Winnipeg CAN"]
[Date "1998.07.26"]
[Round "4"]
[White "Gannon, Keith"]
[Black "Hassain, Mahmud"]
[Result "1-0"]
[WhiteElo "1674"]
[BlackElo "2003"]
[PlyCount "51"]
[GameId "2160767911872726"]
[EventDate "1998.07.24"]
[EventType "swiss"]
[EventRounds "5"]
[EventCountry "CAN"]

1. d4 g6 2. c4 Bg7 3. e4 d6 4. Nf3 c5 5. Nc3 cxd4 6. Nxd4 Nc6 7. Be3 Nf6 8. Be2 O-O 9. O-O Ng4 10. Bxg4 Bxg4 11. Nxc6 Bxd1 12. Nxd8 Bg4 13. Nxb7 Rfb8 14. Na5 Rxb2 15. Rac1 Kf8 16. f3 Bd7 17. Rf2 Rab8 18. Rxb2 Rxb2 19. Nb3 f5 20. exf5 Bxf5 21. c5 Bc2 22. Nd4 Bxd4 23. Bxd4 e5 24. Be3 dxc5 25. Bxc5+ Kf7 26. Ba3 1-0

[Event "Summer op"]
[Site "Winnipeg CAN"]
[Date "1998.07.26"]
[Round "4"]
[White "Kaptsan, Aron"]
[Black "Gibbons, Michael"]
[Result "0-1"]
[WhiteElo "2212"]
[BlackElo "2054"]
[PlyCount "58"]
[GameId "2160767911872727"]
[EventDate "1998.07.24"]
[EventType "swiss"]
[EventRounds "5"]
[EventCountry "CAN"]

1. d4 d6 2. e4 Nf6 3. Nc3 g6 4. Be2 Bg7 5. g4 c5 6. d5 h5 7. g5 Nh7 8. Be3 a6 9. a4 O-O 10. Qd2 Qa5 11. f4 b5 12. Nf3 Bh3 13. Kf2 b4 14. Nd1 Nd7 15. Kg3 Bg4 16. h3 Bxf3 17. Bxf3 Nb6 18. Be2 Rac8 19. c3 bxc3 20. bxc3 Rb8 21. Qd3 c4 22. Qd2 Rfc8 23. Bd4 Bxd4 24. Qxd4 Nf8 25. Ra3 Nfd7 26. Kf3 Nc5 27. Ne3 Nb3 28. Qd1 Qxc3 29. Kf2 Qb2 0-1

[Event "Summer op"]
[Site "Winnipeg CAN"]
[Date "1998.07.26"]
[Round "4"]
[White "Lipnowski, Samuel"]
[Black "Lukic, Luka"]
[Result "1/2-1/2"]
[WhiteElo "1909"]
[BlackElo "1944"]
[PlyCount "23"]
[GameId "2160767911872728"]
[EventDate "1998.07.24"]
[EventType "swiss"]
[EventRounds "5"]
[EventCountry "CAN"]

1. e4 d6 2. d4 Nf6 3. Nc3 g6 4. Be3 Bg7 5. Qd2 h5 6. h3 c6 7. Nf3 Qa5 8. Bd3 Na6 9. O-O Nd7 10. Ne2 Qxd2 11. Bxd2 Nc7 12. c3 1/2-1/2

[Event "Summer op"]
[Site "Winnipeg CAN"]
[Date "1998.07.26"]
[Round "4"]
[White "Ott, Richard"]
[Black "Proulx, Roy"]
[Result "1-0"]
[WhiteElo "1555"]
[BlackElo "1581"]
[PlyCount "59"]
[GameId "2160767911872729"]
[EventDate "1998.07.24"]
[EventType "swiss"]
[EventRounds "5"]
[EventCountry "CAN"]

1. d4 d5 2. c4 e6 3. Nc3 Nf6 4. cxd5 exd5 5. Bg5 Be7 6. e3 h6 7. Bh4 O-O 8. Bd3 c6 9. Nge2 Nbd7 10. Qc2 Ne8 11. Bxe7 Qxe7 12. O-O-O b5 13. Bh7+ Kh8 14. Nf4 a5 15. h4 a4 16. Bf5 Nb6 17. Bxc8 Rxc8 18. g4 c5 19. Ncxd5 Nxd5 20. Nxd5 Qb7 21. dxc5 Nd6 22. Qc3 Ne4 23. Qd4 Nxf2 24. g5 h5 25. Nf6 Nxh1 26. Nxh5 Rg8 27. Nxg7 Rxg7 28. h5 Kg8 29. h6 Rh7 30. Qd8+ 1-0

[Event "Summer op"]
[Site "Winnipeg CAN"]
[Date "1998.07.26"]
[Round "4"]
[White "Piche, Jeremie"]
[Black "Charter, Bennet"]
[Result "1-0"]
[WhiteElo "1661"]
[BlackElo "1419"]
[PlyCount "61"]
[GameId "2160767911872730"]
[EventDate "1998.07.24"]
[EventType "swiss"]
[EventRounds "5"]
[EventCountry "CAN"]

1. e4 c5 2. d4 cxd4 3. c3 dxc3 4. Nxc3 Nc6 5. Nf3 d6 6. Bc4 e6 7. O-O Nf6 8. Qe2 Be7 9. Rd1 Qc7 10. h3 a6 11. Bf4 b5 12. Bb3 Nd7 13. Rac1 Bb7 14. Qd2 e5 15. Nd5 Qd8 16. Nxe7 Nxe7 17. Ng5 Qb6 18. Be3 Nc5 19. Bxc5 dxc5 20. Rxc5 O-O 21. Rxe5 Ng6 22. Rf5 Nh8 23. Qe2 h6 24. Qg4 hxg5 25. Rxg5 g6 26. h4 Kg7 27. h5 Rae8 28. e5 f6 29. Rxg6+ Nxg6 30. Qxg6+ Kh8 31. Rd7 1-0

[Event "Summer op"]
[Site "Winnipeg CAN"]
[Date "1998.07.26"]
[Round "4"]
[White "Remillard, John"]
[Black "Andersen, Sune"]
[Result "0-1"]
[WhiteElo "1608"]
[BlackElo "2006"]
[PlyCount "98"]
[GameId "2160767911872731"]
[EventDate "1998.07.24"]
[EventType "swiss"]
[EventRounds "5"]
[EventCountry "CAN"]

1. c4 Nf6 2. Nc3 e5 3. g3 Nc6 4. Bg2 Bc5 5. a3 a5 6. d3 O-O 7. e4 h6 8. g4 d6 9. g5 Ng4 10. gxh6 Bxf2+ 11. Kf1 gxh6 12. Bxh6 Qf6 13. Bf3 Nxh6 14. Kxf2 Ng4+ 15. Ke1 Qh4+ 16. Kd2 Nf2 17. Qf1 Nd4 18. Qg2+ Kh8 19. h3 Rg8 20. Bg4 Nxh1 21. Nf3 Qf2+ 22. Qxf2 Nxf2 23. Nxd4 exd4 24. Nd5 Bxg4 25. hxg4 Rxg4 26. Nxc7 Rc8 27. Nb5 Rg2 28. Nxd4 Nh3+ 29. Kc3 Rg1 30. Rxg1 Nxg1 31. b4 axb4+ 32. Kxb4 Nh3 33. Nf5 Rd8 34. Kb5 Nf4 35. d4 Ne6 36. Kb6 Rd7 37. a4 Ng5 38. e5 dxe5 39. dxe5 Nf3 40. Nd6 Nxe5 41. Nxb7 Nxc4+ 42. Kc6 Rd1 43. Kb5 Rb1+ 44. Kxc4 Rxb7 45. a5 Kg7 46. Kc5 Kf6 47. a6 Ra7 48. Kb6 Rxa6+ 49. Kxa6 Ke6 0-1

[Event "Summer op"]
[Site "Winnipeg CAN"]
[Date "1998.07.26"]
[Round "4"]
[White "Thomlison, Gary"]
[Black "Gentes, Kevin"]
[Result "0-1"]
[WhiteElo "1768"]
[BlackElo "2390"]
[PlyCount "55"]
[GameId "2160767911872732"]
[EventDate "1998.07.24"]
[EventType "swiss"]
[EventRounds "5"]
[EventCountry "CAN"]

1. e4 c5 2. Nc3 e6 3. f4 Nc6 4. Nf3 a6 5. a4 d5 6. d3 Nf6 7. Bd2 Be7 8. g3 O-O 9. Bh3 dxe4 10. dxe4 Nd4 11. O-O Nxf3+ 12. Rxf3 Qd4+ 13. Be3 Qb4 14. e5 Rd8 15. Qc1 Nd5 16. Bd2 Qd4+ 17. Kh1 Nb4 18. Be3 Qd7 19. Bg2 b6 20. Rf2 Bb7 21. Ne4 Bc6 22. Rd2 Qb7 23. Nd6 Bxd6 24. exd6 Bxg2+ 25. Rxg2 Rxd6 26. Kg1 Rad8 27. Qe1 Qe4 28. c3 0-1

[Event "Summer op"]
[Site "Winnipeg CAN"]
[Date "1998.07.26"]
[Round "5"]
[White "Andersen, Sune"]
[Black "Lipnowski, Samuel"]
[Result "1-0"]
[WhiteElo "2005"]
[BlackElo "1905"]
[PlyCount "79"]
[GameId "2160767911872733"]
[EventDate "1998.07.24"]
[EventType "swiss"]
[EventRounds "5"]
[EventCountry "CAN"]

1. e4 c5 2. c3 d5 3. exd5 Qxd5 4. d4 e6 5. Nf3 cxd4 6. cxd4 Nf6 7. Nc3 Qd8 8. Bd3 Nc6 9. O-O Nb4 10. Bb1 Be7 11. Bg5 O-O 12. a3 Nbd5 13. Qd3 g6 14. Ne5 a6 15. Ba2 Nxc3 16. bxc3 Qc7 17. Qf3 Kg7 18. Qf4 Ng8 19. Bxe7 Qxe7 20. a4 Qf6 21. Qe4 Ne7 22. Rab1 Qf5 23. Qxf5 Nxf5 24. Rb6 Rd8 25. Rfb1 Nd6 26. f3 Nf5 27. Nc4 Rd7 28. g4 Nh4 29. Kf2 g5 30. Nd6 Rc7 31. c4 Rd7 32. Ke3 Ng2+ 33. Ke4 Kg6 34. Nxb7 Bxb7+ 35. Rxb7 f5+ 36. Ke5 Rxb7 37. Rxb7 fxg4 38. fxg4 Ne3 39. h3 Rd8 40. Bb1+ 1-0

[Event "Summer op"]
[Site "Winnipeg CAN"]
[Date "1998.07.26"]
[Round "5"]
[White "Gentes, Kevin"]
[Black "Gibbons, Michael"]
[Result "1-0"]
[WhiteElo "2390"]
[BlackElo "2050"]
[PlyCount "81"]
[GameId "2160767911872734"]
[EventDate "1998.07.24"]
[EventType "swiss"]
[EventRounds "5"]
[EventCountry "CAN"]

1. Nf3 c5 2. g3 d5 3. Bg2 Nc6 4. d4 Nf6 5. O-O e6 6. c4 Bd6 7. cxd5 exd5 8. Nc3 h6 9. dxc5 Bxc5 10. Na4 Bd6 11. Be3 Be6 12. Nc5 Qe7 13. Rc1 O-O 14. Qa4 Rac8 15. Nxe6 fxe6 16. Bh3 Rce8 17. Bg2 e5 18. Nh4 Qf7 19. Nf5 Bb8 20. Bc5 Ne4 21. Bxe4 dxe4 22. Bxf8 Rxf8 23. Ne3 Nd4 24. Qc4 Qxc4 25. Rxc4 Nxe2+ 26. Kg2 Nd4 27. Rfc1 Ne2 28. Rd1 Nd4 29. Rdc1 Ne2 30. Re1 Nd4 31. Nf1 b5 32. Rcc1 a5 33. Rxe4 Ba7 34. Rxe5 Rxf2+ 35. Kxf2 Nb3+ 36. Kf3 Nxc1 37. Rxb5 Bd4 38. a4 Kf7 39. Nd2 Bf6 40. Nc4 Nd3 41. Rxa5 1-0

[Event "Summer op"]
[Site "Winnipeg CAN"]
[Date "1998.07.26"]
[Round "5"]
[White "Khedkar, Jay"]
[Black "Kaptsan, Aron"]
[Result "1-0"]
[WhiteElo "2020"]
[BlackElo "2210"]
[PlyCount "47"]
[GameId "2160767911872735"]
[EventDate "1998.07.24"]
[EventType "swiss"]
[EventRounds "5"]
[EventCountry "CAN"]

1. e4 d5 2. exd5 Nf6 3. d4 Nxd5 4. Nf3 Bg4 5. Be2 e6 6. O-O c6 7. c4 Nf6 8. Be3 Be7 9. Nc3 O-O 10. Qb3 Na6 11. a3 Rb8 12. h3 Bh5 13. Rfe1 Nc7 14. Ne5 Bxe2 15. Rxe2 Qe8 16. d5 c5 17. Rd1 exd5 18. cxd5 Bd6 19. Nc4 Qd8 20. Bg5 b6 21. Ne4 Nce8 22. Ncxd6 Nxd6 23. Bxf6 gxf6 24. Qg3+ 1-0